00488 2200181 4500245008900000020002200089250001100111100002600122700001700148650001200165005001900177260002700196041001400223084001000237300002500247490002500272336000900297 aTanggap Bencana Alam Tsunami b : Seri Tanggap BencanacSampaguita SyafrezanihText a978-979-665-599-1 aCet. 1 aSampaguita Syafrezani aYana Sutisna aTsunami a20230306074332 aBandungbAngkasac2013 aIndonesia a613.6 aiv, 70 hlm. :cilus. aSeri Tanggap Bencana atext